01326naa#a2200169#i#4500001001600000005001700016011001400033100004100047102000700088200027700095210020100372215001100573608004500584675044800629700005201077856002701129RU\\bibl\12682620260701034341.3##a2782-4926##a20260630b2026####ek#y0rusy0150####ca##aRU1#aКОМПОЗИЦИОННАЯ (НЕ-)ФОРМУЛА: ЗРИТЕЛЬ (РЕЦИПИЕНТ) И ХУДОЖНИК (МАСТЕР) КАК «ФИЛОМАТИКИ». ЧАСТЬ 2.3 ТЕОРИЯ ЦВЕТА ЭМПЕДОКЛА ИЗ АГРАГАНТАeЖурнальная статья1#aКрасноярскcКрасноярская региональная общественная организация Содружество просветителей Красноярьяd2026##a15 с.##aЖурнальная статья2local##aГармония в целом. Пропорции Включает: Принципы единства, ордера, симметрия, разнообразие,монотонность. Гармонические системы. Законы геометрической пропорции. Пространственная координация. Модульные координационные формв. Ритм и линия.. 7.013#1aКопцеваgНаталья Петровна4#asiberianart-journal.ru